[Event "Naperville Shamkovich Memorial"]
[Site "Naperville"]
[Date "2023.06.03"]
[Round "7"]
[White "Lima, Darcy Gustavo Macha"]
[Black "Rorrer, Grayson"]
[Result "1-0"]
[WhiteElo "2448"]
[BlackElo "2263"]
[PlyCount "45"]
[EventDate "2023.05.31"]
[EventType "tourn"]
[EventRounds "9"]
[EventCountry "USA"]
[EventCategory "1"]
[SourceTitle "CBM 214 Extra"]
[Source "ChessBase"]
[SourceDate "2023.07.31"]
[SourceVersion "1"]
[SourceVersionDate "2023.07.31"]
[SourceQuality "1"]

1. d4 Nf6 2. c4 e6 3. Nf3 d5 4. g3 h6 5. Bg2 Bd6 6. 0-0 0-0 7. b3 b6 8. Nc3 a6 9. Ne5 Bb7 10. Bf4 Qe7 11. Rc1 Rd8 12. Nd3 Bxf4 13. Nxf4 c5 14. cxd5 cxd4 15. Qxd4 e5 16. Qxb6 Rd6 17. Qe3 Ng4 18. Qf3 Nf6 19. Nd3 Nxd5 20. Nxd5 Bxd5 21. Rc8+ Kh7 22. Qf5+ g6 23. Qxe5 1-0

[Event "Naperville Shamkovich Memorial"]
[Site "Naperville"]
[Date "2023.06.03"]
[Round "6"]
[White "Wongso, Steve"]
[Black "Lima, Darcy Gustavo Macha"]
[Result "0-1"]
[WhiteElo "2069"]
[BlackElo "2448"]
[PlyCount "104"]
[EventDate "2023.05.31"]
[EventType "tourn"]
[EventRounds "9"]
[EventCountry "USA"]
[EventCategory "1"]
[SourceTitle "CBM 214 Extra"]
[Source "ChessBase"]
[SourceDate "2023.07.31"]
[SourceVersion "1"]
[SourceVersionDate "2023.07.31"]
[SourceQuality "1"]

1. e4 e5 2. Nf3 Nc6 3. Bb5 Nf6 4. d3 Bc5 5. 0-0 Nd4 6. Nxd4 Bxd4 7. c3 Bb6 8. Nd2 c6 9. Ba4 0-0 10. Nf3 d6 11. h3 h6 12. Re1 Re8 13. Bc2 Nh5 14. d4 Qf6 15. Be3 Nf4 16. a4 Be6 17. Nh2 g5 18. a5 Bc7 19. Bb3 b5 20. Bxf4 gxf4 21. Bxe6 Qxe6 22. Qg4+ Kh7 23. Qxe6 Rxe6 24. b4 d5 25. f3 h5 26. Rad1 Rae8 27. exd5 cxd5 28. Nf1 exd4 29. Rxe6 fxe6 30. cxd4 Bd6 31. Rc1 Bxb4 32. a6 Ba5 33. g3 Bb6 34. gxf4 Bxd4+ 35. Kh2 h4 36. Rc7+ Kg6 37. Rb7 Bb6 38. Kg2 Rc8 39. Re7 Kf6 40. Rh7 Rc2+ 41. Kh1 b4 42. Rh6+ Kf7 43. f5 exf5 44. Rd6 b3 45. Rxd5 Ke6 46. Rb5 b2 47. f4 Rc1 48. Rxb2 Rxf1+ 49. Kg2 Rxf4 50. Rb1 Ra4 51. Re1+ Kf6 52. Re8 Rxa6 0-1

[Event "Naperville Shamkovich Memorial"]
[Site "Naperville"]
[Date "2023.06.02"]
[Round "5"]
[White "Rodriguez Rivera, Pedro"]
[Black "Lima, Darcy Gustavo Macha"]
[Result "1-0"]
[WhiteElo "2156"]
[BlackElo "2448"]
[PlyCount "133"]
[EventDate "2023.05.31"]
[EventType "tourn"]
[EventRounds "9"]
[EventCountry "USA"]
[EventCategory "1"]
[SourceTitle "CBM 214 Extra"]
[Source "ChessBase"]
[SourceDate "2023.07.31"]
[SourceVersion "1"]
[SourceVersionDate "2023.07.31"]
[SourceQuality "1"]

1. d4 Nf6 2. Bf4 d5 3. Nf3 c5 4. e3 Nc6 5. c3 Qb6 6. Qb3 c4 7. Qxb6 axb6 8. Na3 Bf5 9. Nh4 Bg6 10. Nxg6 hxg6 11. Nc2 e6 12. Be2 b5 13. a3 Kd7 14. f3 Nh5 15. Kf2 Be7 16. Bg3 g5 17. e4 f5 18. exf5 exf5 19. Be5 Nxe5 20. dxe5 Bc5+ 21. Nd4 Nf4 22. g3 Ne6 23. Kg2 Bxd4 24. cxd4 Ke7 25. Rhd1 b4 26. f4 g4 27. Kg1 b3 28. Bf1 b5 29. Bg2 Nc7 30. Rdc1 Ke6 31. Bf1 Ke7 32. Bg2 Ra6 33. Bh1 g6 34. Rab1 Ke6 35. Bg2 Ra7 36. Bf1 Na6 37. Ra1 Nb8 38. Bg2 Nc6 39. Rd1 b4 40. axb4 Ra2 41. b5 Nb4 42. Rab1 Rb8 43. Bf1 Rxb5 44. Kf2 Rb8 45. Rdc1 Nc6 46. Ke3 Rh8 47. Rxc4 dxc4 48. Bxc4+ Ke7 49. Bxb3 Ra7 50. d5 Rb8 51. d6+ Kd7 52. Bd5 Nd8 53. b3 Rc8 54. Kd3 Ne6 55. b4 Ra3+ 56. Rb3 Ra1 57. Bb7 Rb8 58. Bg2 Rc8 59. Bb7 Rcc1 60. Rb2 Ra3+ 61. Kd2 Rcc3 62. Ba6 Nd4 63. b5 Rd3+ 64. Kc1 Ra1+ 65. Rb1 Rxb1+ 66. Kxb1 Nxb5 67. Bxb5+ 1-0

[Event "American Continental 17th"]
[Site "Juan Dolio"]
[Date "2023.05.22"]
[Round "10"]
[White "Jodorcovsky Werjivker, Paulo"]
[Black "Lima, Darcy Gustavo Macha"]
[Result "0-1"]
[WhiteElo "2182"]
[BlackElo "2448"]
[PlyCount "86"]
[EventDate "2023.05.15"]
[EventType "swiss"]
[EventRounds "11"]
[EventCountry "DOM"]
[SourceTitle "CBM 214 Extra"]
[Source "ChessBase"]
[SourceDate "2023.07.31"]
[SourceVersion "1"]
[SourceVersionDate "2023.07.31"]
[SourceQuality "1"]

1. d4 Nf6 2. c4 g6 3. Nc3 Bg7 4. Nf3 0-0 5. Bg5 h6 6. Bh4 c5 7. d5 d6 8. e3 a6 9. a4 e6 10. Nd2 Re8 11. Be2 exd5 12. cxd5 Nbd7 13. 0-0 Qc7 14. Bg3 b6 15. h3 Rb8 16. Re1 Ne5 17. Bh2 Bb7 18. e4 g5 19. Rc1 Qd8 20. Bf1 Nfd7 21. Nc4 Nxc4 22. Bxc4 Ne5 23. Bxe5 Bxe5 24. Qd3 Ra8 25. Re2 Qf6 26. g3 Bc8 27. Kg2 h5 28. Nd1 g4 29. h4 Bd4 30. Kh2 Ra7 31. Ne3 Rae7 32. Ng2 Bd7 33. b3 Qf3 34. Rce1 b5 35. axb5 axb5 36. Bxb5 Bxb5 37. Qxb5 Bxf2 38. Rxf2 Qxf2 39. Rf1 Qb2 40. Rf5 f6 41. Qf1 Kg7 42. e5 Rxe5 43. Rxf6 Re2 0-1

[Event "American Continental 17th"]
[Site "Juan Dolio"]
[Date "2023.05.20"]
[Round "8"]
[White "Araujo Sanchez, Josue"]
[Black "Lima, Darcy Gustavo Macha"]
[Result "1/2-1/2"]
[WhiteElo "2303"]
[BlackElo "2448"]
[PlyCount "80"]
[EventDate "2023.05.15"]
[EventType "swiss"]
[EventRounds "11"]
[EventCountry "DOM"]
[SourceTitle "CBM 214 Extra"]
[Source "ChessBase"]
[SourceDate "2023.07.31"]
[SourceVersion "1"]
[SourceVersionDate "2023.07.31"]
[SourceQuality "1"]

1. Nf3 Nf6 2. c4 g6 3. Nc3 Bg7 4. g3 0-0 5. Bg2 d6 6. 0-0 c5 7. a3 Nc6 8. Rb1 a5 9. d3 Bd7 10. Ne1 Qc8 11. Bg5 Ra6 12. Nc2 a4 13. Nd5 Re8 14. Bxf6 exf6 15. Nc3 f5 16. Ne3 Nd4 17. Ned5 Qd8 18. e3 Nb3 19. Nb5 Rf8 20. Ndc3 Qa5 21. Bxb7 Rb6 22. Bd5 Bxb5 23. cxb5 Bxc3 24. bxc3 Qxb5 25. Qc2 Rfb8 26. c4 Qe8 27. Qc3 Nd4 28. Rbe1 Rb3 29. Qa5 Ne6 30. e4 Rxa3 31. exf5 gxf5 32. Re3 Rab3 33. Qe1 a3 34. Bxe6 fxe6 35. Rxe6 Qf7 36. Re7 Qf6 37. Re6 Qf8 38. Re7 Qf6 39. Re6 Qf8 40. Re7 Qf6 1/2-1/2